Movie Pictures Starting with O - Statistics

General Stats
  • This quiz has been taken 67 times
  • The average score is 7 of 20
Answer Stats
Picture Answer % Correct
Oppenheimer
85%
Oliver
71%
Once Upon a Time in Hollywood
63%
One Flew Over the Cuckoos Nest
61%
The Outsiders
53%
Orphan
45%
Octopussy
40%
The Omen
40%
Oceans 11
37%
The Other Guys
37%
The Others
31%
One Hour Photo
27%
Oz the Great and Powerful
27%
Once Upon a Time in the West
21%
October Sky
13%
Old Dogs
13%
On the Town
11%
One of Them Days
10%
Ouija
5%
The Orphanage
3%
No matching quizzes found
Score Distribution
Percent of People with Each Score
Percentile by Number Answered
Your Score History
You have not taken this quiz